| 000 | 01172cab a2200301 4500 | ||
|---|---|---|---|
| 001 | ABS54437 | ||
| 008 | 090401t1996 xxu||||| |||| 00| 0 eng d | ||
| 035 | _a(Sirsi) u10328 | ||
| 041 | _aeng | ||
| 100 | _aSydenham, A. | ||
| 245 | _aLegal focus: 1986 and 1995 Act tenancies? | ||
| 260 | _c1996 | ||
| 350 | _a0 | ||
| 490 |
_aFarm Tax Brief _v11(1) December 1995/January 1996, 6-7(2) |
||
| 520 | _aDiscusses the intention of Agricultural Tenancies Act 1995 s4(f) in relation to the Agricultural Holdings Act 1986, warning that tenants should be wary of assurances that deliberate variations of existing tenancies or additions of substantial land will not affect their security rights under the 1986 Act. | ||
| 650 | _aAGRICULTURAL HOLDINGS | ||
| 650 | _aAGRICULTURAL HOLDINGS ACT 1986 | ||
| 650 | _aAGRICULTURAL PROPERTY RELIEFS | ||
| 650 | _aAGRICULTURAL TENANCIES ACT 1995 | ||
| 650 | _aPROPERTY-LANDLORD AND TENANT-TENANCIES-AGRICULTURAL TENANCIES | ||
| 650 | _aCHILDERS V ANKER | ||
| 650 | _aDEEED OF VARIATION | ||
| 650 | _aINHERITANCE ACT 1984 | ||
| 650 | _aSECURITY OF TENURE | ||
| 690 | _aRURAL PRACTICE | ||
| 942 | _n0 | ||
| 948 | _c04/03/1997 | ||
| 999 |
_c6501 _d6501 |
||